Цезар (Запис номер 32178)
[ съкратено ]
| 000 -Лидер | |
|---|---|
| Контролно поле с фиксирана дължина | 01252nam a2200337 c 4500 |
| 003 - Код на организацията, давaща контролен номер | |
| Контролно поле | BLK |
| 005 - Дата и час на последна редакция | |
| Контролно поле | 20180422100059.0 |
| 008 - Елементи от данни с фиксирана дължина | |
| fixed length control field | 180407b bul|||||r ||||||| ||bul|| |
| 010 ## - Наследен системен номер | |
| LC control number | KNG00034848000 |
| 020 ## - Международен стандартен номер на книга ISBN | |
| Международен стандартен номер на книга ISBN | 954-9904-16-4 |
| -- | издат.: Одри |
| 040 ## - Източник на каталожния запис | |
| Идентификатор на билиотеката - собственик на записа | BLK |
| 041 ## - Код за език | |
| Код за езика на текст/звукозапис или на отделно заглавие | Български |
| Код за езика КДБФ | Български |
| 080 ## - УДК | |
| Текстов определител УДК | История на Рим (до 476 г. н. е.). Древен Рим |
| УДК код - определител по УДК | 94(37) |
| УДК определител | (092) |
| УДК - код + определител | 94(37)(092) |
| 080 ## - УДК | |
| Текстов определител УДК | Римски пълководец, политически лидер и писател |
| УДК код - определител по УДК | 929 Цезар, Гай Юлий |
| УДК определител | |
| УДК - код + определител | 929 Цезар, Гай Юлий |
| 100 1# - Редна дума - Автор | |
| Автор | Ле Боек, Ян |
| Авторска отговорност | първи автор |
| R(LIN) | 272117 |
| 139 ## - Редно поле | |
| Редна дума | Ле Боек, Ян |
| Авторски знак | Лая - Л 32 |
| 245 10 - Сведения за заглавието | |
| Заглавие | Цезар |
| Редно поле (дума) | Ян Ле Боек; прев. от фр. Марио Йончев. |
| 257 ## - Страна на издаване | |
| Страна на създаване/издаване | България |
| 260 ## - Област на издателските данни | |
| -- | Враца |
| Име на издателя, разпространителя и проч. | Одри |
| Година на издаване | 2000 |
| Печатница | Враца : Плакра |
| 300 ## - Физическа характеристика | |
| Страници | 128 с. |
| Илюстрации и др. | с к., сх. |
| Размери/Мащаб | 20 см |
| 380 ## - Жанр | |
| Жанр | История |
| 490 1# - СЕРИИ (Колекции) | |
| Име на серия | Библиотека Компас |
| №: серия | 18 |
| 600 14 - Име на лице, използвано като предмет | |
| За него / За нея | Цезар, Гай Юлий |
| 9 (RLIN) | 272118 |
| 653 ## - Ключова дума – ненормативна | |
| Ключова дума | Цезар |
| 700 1# - Други автори (авторска отговорност) | |
| Лично име | Йончев, Марио |
| Автороска отговорност (Описва отношението между автора и произведението) | прев. от фр. |
| 9 (RLIN) | 363331 |
| 852 ## - Местоположение | |
| Форматна сигнатура | Цб 206804 |
| 856 4# - Електронен адрес и достъп | |
| Електронен формат | pdf - файл |
| Път до файла /url/ | |
| 856 4# - Електронен адрес и достъп | |
| Електронен формат | pdf - файл |
| Път до файла /url/ | |
| 942 ## - АРТИКУЛИ | |
| Вид на библиотечния материал | Книги |
| Скрит в OPAC | Не |
| 944 ## - СЪЗДАВАНЕ И РЕДАКЦИЯ на ЗАПИСА | |
| Създаване/Редакция | Създаване |
| Дата на регистрацията/редакция | 14.02.2003 |
| Служител, извършил регистрацията/редакцията | AB_DOS |
| 944 ## - СЪЗДАВАНЕ И РЕДАКЦИЯ на ЗАПИСА | |
| Създаване/Редакция | Редакция |
| Дата на регистрацията/редакция | 14.02.2003 |
| Служител, извършил регистрацията/редакцията | |
| 999 ## - СИСТЕМНИ КОНТРОЛНИ НОМЕРА | |
| Koha biblionumber | 32178 |
| Koha biblioitemnumber | 32178 |
| Код за отписване | Код за изгубен артикул | Източник на класификационната схема | Код за повреда | Коз за рестрикции | Код за отдаване | Артикулен № | Име на библиотеката - собственик | Име на библиотеката, в която се намира в момента | Статус (Текущо местоположение) | Дата на вписване в системата | Местоположение - отдел | Цена в лева | Инвентарен номер | Систематично азбучна сигнатура | Баркод | Номер на екземпляра | Цена в евро | Служебен тип на артикула |
|---|---|---|---|---|---|---|---|---|---|---|---|---|---|---|---|---|---|---|
| Не е изгубен | Universal Decimal Classification | Не е повреден | без рестрикции | ползва се в читалня | 51341 | Регионална библиотека "Любен Каравелов" Русе | Регионална библиотека "Любен Каравелов" Русе | Хранилище | 2001-01-01 | Хранилище | 0.00 | 661066 | Цб 206804 | 120000661066 | 1 | 0.00 | Книги |